| 000 | 00841nam a2200265Ia 4500 | ||
|---|---|---|---|
| 001 | Z_5246 | ||
| 003 | CHAP | ||
| 008 | 220113s2005 xx 000 0 und d | ||
| 010 | _a168310 | ||
| 040 | _cCHAP | ||
| 090 | _aTesis A 1860 | ||
| 100 |
_aAmador González, Enrique _9142573 |
||
| 245 |
_aDesarrollo de un bolo intra ruminal para la liberación prolongada de yodo y selenio y su evaluación en ganado bovino / _cpor Enrique Amador González |
||
| 260 |
_aCuautitlán Izcalli, Méx. : _bEl autor, _c2005 |
||
| 300 | _a139 h. | ||
| 502 | _aTesis (Maestro en Ciencias ) -- UNAM. Facultad de Estudios Superiores Cuautitlán | ||
| 650 |
_aSelenio en nutrición _9142574 |
||
| 650 |
_aYodo en nutrición animal _9142575 |
||
| 901 | _aTESIS A 1860 | ||
| 902 | _aM | ||
| 910 | _a2005 | ||
| 942 | _c2 | ||
| 942 | _c2 | ||
| 999 |
_c168310 _d168310 |
||